000 00540nam a2200169 i 4500
001 150037
003 ES-MaACL
005 20230906203344.0
007 t|
008 071026s1912 ag ||||1| spa d
100 1 _aValle Iberlucea, Enrique del.
_9112793
245 1 4 _aLas Cortes de Cádiz
_b: la revolución de España y la democracia de América /
_cEnrique del Valle Iberlucea.
260 _aBuenos Aires :
_bMartín García,
_c1912.
300 _a80 p. ;
_c17 cm.
852 _aES-MaACL
_j1616-F-10
852 _aES-MaACL
_jT-1319-F-3
999 _c150037
_d150037